[Event "CUB-ch"]
[Site "Cuba"]
[Date "1988.??.??"]
[Round "?"]
[White "Alvarez, Fidel"]
[Black "Alonso Garcia, Rene Marcial"]
[Result "1/2-1/2"]
[WhiteElo "2265"]
[BlackElo "2325"]
[PlyCount "33"]
[EventDate "1988.10.??"]
[EventType "swiss"]
[EventRounds "10"]
[EventCountry "CUB"]
[SourceTitle "TD"]
[Source "ChessBase"]
[SourceDate "1994.03.01"]
[SourceVersion "1"]
[SourceVersionDate "1994.03.01"]
[SourceQuality "1"]

1. e4 c5 2. Nf3 e6 3. d4 cxd4 4. Nxd4 Nf6 5. Bd3 a6 6. c4 d6 7. 0-0 Be7 8. Nc3 0-0 9. Be3 Qc7 10. Rc1 Nbd7 11. b3 b6 12. f3 Bb7 13. Qe2 Rac8 14. Rfd1 Rfe8 15. Qf2 Bf8 16. Bf1 Qb8 17. Kh1 1/2-1/2

[Event "CUB-ch"]
[Site "Cuba"]
[Date "1988.??.??"]
[Round "?"]
[White "Alvarez, Fidel"]
[Black "Ortega, Lexy"]
[Result "1/2-1/2"]
[WhiteElo "2265"]
[BlackElo "2380"]
[PlyCount "50"]
[EventDate "1988.10.??"]
[EventType "swiss"]
[EventRounds "10"]
[EventCountry "CUB"]
[SourceTitle "TD"]
[Source "ChessBase"]
[SourceDate "1994.03.01"]
[SourceVersion "1"]
[SourceVersionDate "1994.03.01"]
[SourceQuality "1"]

1. Nf3 Nf6 2. c4 e6 3. g3 d5 4. b3 Be7 5. Bb2 0-0 6. Bg2 b6 7. 0-0 Bb7 8. e3 c5 9. Qe2 Nc6 10. d3 a6 11. Na3 Bd6 12. e4 dxe4 13. dxe4 e5 14. Nc2 Re8 15. Rad1 Qc7 16. Nfe1 Nd4 17. Qd3 Rad8 18. Ne3 Bf8 19. Nd5 Nxd5 20. cxd5 b5 21. Rc1 Qa5 22. a3 Rc8 23. Nf3 c4 24. bxc4 bxc4 25. Rxc4 Nxf3+ 1/2-1/2

[Event "CUB-ch"]
[Site "Cuba"]
[Date "1988.??.??"]
[Round "?"]
[White "Calderin Gonzalez, Roberto"]
[Black "Alvarez, Fidel"]
[Result "1/2-1/2"]
[WhiteElo "2280"]
[BlackElo "2265"]
[PlyCount "63"]
[EventDate "1988.10.??"]
[EventType "swiss"]
[EventRounds "10"]
[EventCountry "CUB"]
[SourceTitle "TD"]
[Source "ChessBase"]
[SourceDate "1994.03.01"]
[SourceVersion "1"]
[SourceVersionDate "1994.03.01"]
[SourceQuality "1"]

1. d4 Nf6 2. Nf3 d5 3. c4 e6 4. Nc3 Be7 5. Bg5 h6 6. Bh4 0-0 7. Rc1 dxc4 8. e3 c5 9. Bxc4 cxd4 10. Nxd4 Bd7 11. 0-0 Nc6 12. Nf3 Rc8 13. a3 Nh5 14. Bxe7 Qxe7 15. Ba2 Rfd8 16. Qe2 Be8 17. Rfd1 Rxd1+ 18. Rxd1 Rd8 19. Bb1 a6 20. b4 Nf6 21. e4 Rxd1+ 22. Qxd1 Qd7 23. Qxd7 Nxd7 24. Kf1 g5 25. Ke2 Kf8 26. Ke3 Ke7 27. Nd4 Nde5 28. Nxc6+ Bxc6 29. Kd4 Kd6 30. f3 Be8 31. Nd1 Bb5 32. Ne3 1/2-1/2

[Event "Capablanca Memorial-C 21st"]
[Site "Havana"]
[Date "1986.06.01"]
[Round "10"]
[White "Alvarez, Fidel"]
[Black "Sariego Figueredo, Wilfredo"]
[Result "1-0"]
[WhiteElo "2335"]
[BlackElo "2290"]
[PlyCount "75"]
[EventDate "1986.05.20"]
[EventType "tourn"]
[EventRounds "13"]
[EventCountry "CUB"]
[EventCategory "4"]
[SourceTitle "EXT 2012"]
[Source "ChessBase"]
[SourceDate "2011.11.24"]
[SourceVersion "1"]
[SourceVersionDate "2011.11.24"]
[SourceQuality "1"]

1. Nf3 Nc6 2. c4 e5 3. Nc3 f5 4. d4 e4 5. Ng5 Nf6 6. e3 g6 7. h4 Bg7 8. Qb3 d6 9. Be2 0-0 10. Bd2 Ne7 11. 0-0-0 c6 12. d5 h6 13. Nh3 Nd7 14. f3 Nc5 15. Qa3 a5 16. Be1 cxd5 17. Bg3 Be6 18. Nf4 Bf7 19. Nfxd5 Nxd5 20. Nxd5 Ra6 21. Nc3 Qe7 22. Nb5 Rd8 23. Kb1 a4 24. Rd2 Be5 25. Bxe5 Qxe5 26. Qc3 Qe7 27. Rhd1 Rc6 28. Nd4 Rcc8 29. h5 d5 30. hxg6 Bxg6 31. f4 Qf6 32. Nb5 Qf7 33. Rxd5 Rxd5 34. Rxd5 Nd3 35. Bxd3 Qxd5 36. cxd5 Rxc3 37. bxc3 exd3 38. Kc1 1-0